Africa: problems in economic development.

Saved in:
书目详细资料
其他作者: Salkever, Louis R.
格式: 图书
出版: New York, Free Press [1972]
主题:
标签: 添加标签
没有标签, 成为第一个标记此记录!

MARC

LEADER 00000nam a2200000 4500
020 |a NA  |c TZS 208/= 
040 |a MUL  |b eng  |e AACR 
082 0 0 |a 330.96 UPP 
245 1 0 |a Africa: problems in economic development.  |c Edited by J. S. Uppal and Louis R. Salkever. 
260 |a New York,  |b Free Press  |c [1972] 
300 |a ix, 353 p.  |c 24 cm. 
504 |a Includes bibliographical references. 
650 |a Economic policy 
700 1 |a Salkever, Louis R., 
942 |c BK 
999 |c 7994  |d 7994